00286nam a2200121Ia 4500008004100000100001900041245003200060260003100092300000700123650001000130942000700140999001700147190216s9999||||xx |||||||||||||| ||und|| aAnitha Surabhi 0aHindi-Smrithiyom Ke Gandhar bShyam Sahithya Sadanc2008 a92 aHindi cBK c16579d16579